<?xml version="1.0" encoding="UTF-8"?><?xml-stylesheet type="text/xsl" href="static/style.xsl"?><OAI-PMH xmlns="http://www.openarchives.org/OAI/2.0/" xmlns:xsi="http://www.w3.org/2001/XMLSchema-instance" xsi:schemaLocation="http://www.openarchives.org/OAI/2.0/ http://www.openarchives.org/OAI/2.0/OAI-PMH.xsd"><responseDate>2026-06-02T01:52:10Z</responseDate><request verb="GetRecord" identifier="oai:riubu.ubu.es:10259/11649" metadataPrefix="marc">https://riubu.ubu.es/oai/request</request><GetRecord><record><header><identifier>oai:riubu.ubu.es:10259/11649</identifier><datestamp>2026-05-19T22:01:28Z</datestamp><setSpec>com_10259_2699</setSpec><setSpec>col_10259_2705</setSpec></header><metadata><record xmlns="http://www.loc.gov/MARC21/slim" xmlns:doc="http://www.lyncode.com/xoai" xmlns:xsi="http://www.w3.org/2001/XMLSchema-instance" xmlns:dcterms="http://purl.org/dc/terms/" xsi:schemaLocation="http://www.loc.gov/MARC21/slim http://www.loc.gov/standards/marcxml/schema/MARC21slim.xsd">
<leader>00925njm 22002777a 4500</leader>
<datafield tag="042" ind1=" " ind2=" ">
<subfield code="a">dc</subfield>
</datafield>
<datafield tag="720" ind1=" " ind2=" ">
<subfield code="a">Calvo Ruiz, Miriam</subfield>
<subfield code="e">author</subfield>
</datafield>
<datafield tag="260" ind1=" " ind2=" ">
<subfield code="c">2025</subfield>
</datafield>
<datafield tag="520" ind1=" " ind2=" ">
<subfield code="a">La prostitución es una institución históricamente arraigada que se materializa en prácticas estructuradas por la dialéctica de dominación y sumisión. Desde el pensamiento feminista, ha sido conceptualizada como una forma de violencia extrema contra las mujeres. Sin embargo, en las últimas décadas, el sistema capitalista, junto con los medios de comunicación, ha contribuido a normalizar la sexualización y comercialización del cuerpo femenino, reformulándolas como manifestaciones de empoderamiento y libertad individual.&#xd;
Esta tesis doctoral se adentra en la institución prostitucional para analizar los factores sociales que la originan, los mecanismos de entrada, los dispositivos que perpetúan su funcionamiento y las consecuencias que produce en las mujeres involucradas. Para ello, se adopta un enfoque cualitativo, basado en historias de vida. Los resultados, la discusión y las conclusiones permiten cuestionar si, en un Estado democrático, es legítimo sostener una institución que explota sistemáticamente a las mujeres más vulnerables</subfield>
</datafield>
<datafield tag="520" ind1=" " ind2=" ">
<subfield code="a">Prostitution is a historically rooted institution that takes shape through practices structured by the dialectic of domination and submission. From a feminist perspective, it has been conceptualized as a form of extreme violence against women. However, in recent decades, the capitalist system, together with the media, has contributed to normalizing the sexualization and commodification of the female body, reframing them as manifestations of empowerment and individual freedom.&#xd;
This doctoral thesis delves into the prostitutional institution to analyze the social factors that give rise to it, the mechanisms of entry, the devices that sustain its continuity, and the consequences it produces for the women involved. To this end, a qualitative approach is adopted, based on life histories. The results, discussion, and conclusions raise the question of whether it is legitimate, within a democratic state, to uphold an institution that systematically exploits the most vulnerable women</subfield>
</datafield>
<datafield tag="024" ind2=" " ind1="8">
<subfield code="a">https://hdl.handle.net/10259/11649</subfield>
</datafield>
<datafield tag="024" ind2=" " ind1="8">
<subfield code="a">10.36443/10259/11649</subfield>
</datafield>
<datafield ind1=" " ind2=" " tag="653">
<subfield code="a">Institución prostitucional</subfield>
</datafield>
<datafield ind1=" " ind2=" " tag="653">
<subfield code="a">Estudios feministas</subfield>
</datafield>
<datafield ind1=" " ind2=" " tag="653">
<subfield code="a">Mujeres</subfield>
</datafield>
<datafield ind1=" " ind2=" " tag="653">
<subfield code="a">Esclavitud</subfield>
</datafield>
<datafield ind1=" " ind2=" " tag="653">
<subfield code="a">Explotación</subfield>
</datafield>
<datafield ind1=" " ind2=" " tag="653">
<subfield code="a">Prostitution institution</subfield>
</datafield>
<datafield ind1=" " ind2=" " tag="653">
<subfield code="a">Feminist studies</subfield>
</datafield>
<datafield ind1=" " ind2=" " tag="653">
<subfield code="a">Women</subfield>
</datafield>
<datafield ind1=" " ind2=" " tag="653">
<subfield code="a">Slavery</subfield>
</datafield>
<datafield ind1=" " ind2=" " tag="653">
<subfield code="a">Exploitation</subfield>
</datafield>
<datafield tag="245" ind1="0" ind2="0">
<subfield code="a">La institución prostitucional: la esclavitud de las mujeres</subfield>
</datafield>
</record></metadata></record></GetRecord></OAI-PMH>